| 000 | 00807nam a2200289Ia 4500 | ||
|---|---|---|---|
| 001 | dia_71 | ||
| 003 | CHAP | ||
| 005 | 20221202135957.0 | ||
| 008 | 220117s1990 xx 000 0 und d | ||
| 010 | _a170503 | ||
| 020 | _a84-7114-281-3 | ||
| 040 | _cCHAP | ||
| 082 | _a635.8 D54 1990 | ||
| 100 |
_aDiego Calonge, Francisco de _932510 |
||
| 245 |
_aSetas (Hongos) : guía ilustrada / _c Francisco de Diego Calonge |
||
| 250 | _a2a ed. | ||
| 260 |
_aMadrid, España : _b Mundi-Prensa, _c1990 |
||
| 300 | _a461 p. | ||
| 503 | _aI.207959 | ||
| 650 |
_aHongos _956084 |
||
| 650 |
_aHongos venenosos _956138 |
||
| 650 |
_aSetas comestibles _9147114 |
||
| 901 | _a635.8 D54 1990 | ||
| 902 | _aM | ||
| 905 | _a0000001990 sp A 0000000000spa00 | ||
| 942 |
_cLIBRO _2ddc |
||
| 999 |
_c170503 _d170503 |
||